Video Game Quotes - Statistics

General Stats
  • This quiz has been taken 28 times
  • The average score is 7 of 20
Answer Stats
Hint Answer % Correct
Objection! Phoenix Wright: Ace Attorney
75%
Hee hee hee ha! Clash Royale
58%
Ah, shit. Here we go again. Grand Theft Auto: San Andreas
58%
Did I ever tell you what the definition of insanity is? Far Cry 3
54%
Thank you so much a-for to playing my game Super Mario 64
50%
Nice shot! Wii Sports
50%
The numbers, Mason! What do they mean. Call of Duty: Black Ops
46%
Ryū ga waga teki o kurau! Overwatch
38%
Stop right there, criminal scum! The Elder Scrolls IV: Oblivion
38%
It's no use! Sonic the Hedgehog
33%
I always come back. Freddy Fazbear's Pizzeria Simulator
29%
Rise and shine. Half-Life 2
29%
We both said a lot of things that you're going to regret. Portal 2
25%
What is a man? A miserable little pile of secrets. Castlevania: Symphony of the Night
21%
Oh, Banana Donkey Kong 64
21%
🎵This is the greatest plan! Fleeing the Complex
21%
You win! Perfect. Street Fighter II
21%
For those who come after Clair Obscur: Expedition 33
17%
My boy, this peace is what all true warriors strive for. Link: The Faces of Evil
13%
Why are we still here? Just to suffer? Metal Gear Solid V: The Phantom Pain
8%
No matching quizzes found
Score Distribution
Percent of People with Each Score
Percentile by Number Answered
Your Score History
You have not taken this quiz